Ensayos sobre paz y desarrollo : (Registro nro. 4990)

Detalles MARC
000 -LEADER
fixed length control field 01460nam a2200301Ia 4500
003 - CONTROL NUMBER IDENTIFIER
control field OSt
005 - DATE AND TIME OF LATEST TRANSACTION
control field 20200420125644.0
008 - FIXED-LENGTH DATA ELEMENTS--GENERAL INFORMATION
fixed length control field 191128s1999 ck gr 000 0dspa d
020 ## - INTERNATIONAL STANDARD BOOK NUMBER
International Standard Book Number 9589676006
040 ## - CATALOGING SOURCE
Original cataloging agency CO-JMCR
Transcribing agency CO-JMCR
041 0# - LANGUAGE CODE
Language code of text/sound track or separate title spa
082 04 - DEWEY DECIMAL CLASSIFICATION NUMBER
Classification number 303.485 /
Item number E57
100 1# - MAIN ENTRY--PERSONAL NAME
Personal name Solimano, Andrés,
Dates associated with a name autor
9 (RLIN) 3242
245 10 - TITLE STATEMENT
Title Ensayos sobre paz y desarrollo :
Remainder of title el caso de Colombia y la experiencia internacional /
Statement of responsibility, etc. Andres Solimano, Felipe Sáez, Caroline Moser, Cecilia López
250 ## - EDITION STATEMENT
Edition statement Primera edición
260 ## - PUBLICATION, DISTRIBUTION, ETC.
Place of publication, distribution, etc. Bogotá :
Name of publisher, distributor, etc. Tercer Mundo,
Date of publication, distribution, etc. 1999
300 ## - PHYSICAL DESCRIPTION
Extent xxiii, 223 páginas ;
Dimensions 23 cm
500 ## - GENERAL NOTE
General note Bibliografía: páginas 221-223.<br/>
500 ## - GENERAL NOTE
General note Incluye biografía al final de cada capítulo.
505 ## - FORMATTED CONTENTS NOTE
Formatted contents note La violencia en Colombia: cómo construir una paz sostenible y fortalecer el capital social / Caroline Moser -- Los costos ocultos de la paz / Cecilia López Montaño, Arturo García Durán
520 ## - SUMMARY, ETC.
Summary, etc. Alcanzar la paz e impulsar el proceso de desarrollo económico y social son los principales desafíos que enfrenta Colombia en la actualidad. Los análisis que se realizan en el presente volumen, indican que la violencia y el conflicto armado colombiano obed
650 14 - SUBJECT ADDED ENTRY--TOPICAL TERM
Topical term or geographic name entry element Violencia en Colombia
9 (RLIN) 3243
650 24 - SUBJECT ADDED ENTRY--TOPICAL TERM
Topical term or geographic name entry element Paz Desarrollo sostenible
9 (RLIN) 3244
700 1# - ADDED ENTRY--PERSONAL NAME
Personal name Sáez, Felipe,
Relator term autor
9 (RLIN) 3245
700 1# - ADDED ENTRY--PERSONAL NAME
Personal name Moser, Caroline,
Relator term autor
9 (RLIN) 2944
700 1# - ADDED ENTRY--PERSONAL NAME
Personal name Lopéz, Cecilia,
Relator term autor
9 (RLIN) 3246
942 ## - ADDED ENTRY ELEMENTS (KOHA)
Source of classification or shelving scheme Dewey Decimal Classification
Koha item type Books
Existencias
Withdrawn status Lost status Source of classification or shelving scheme Materials specified (bound volume or other part) Damaged status Not for loan Home library Current library Shelving location Date acquired Source of acquisition Cost, normal purchase price Total Checkouts Full call number Barcode Date last seen Copy number Price effective from Koha item type
    Dewey Decimal Classification Donación--15/04/2018--     Biblioteca Pública José María del Castillo y Rada Biblioteca Pública José María del Castillo y Rada General Stacks 11/28/2019 Donación 0.00   303.485 / E57 430001114 05/16/2024 Ej.1 11/28/2019 Books